000
00297nam a2200121Ia 4500
008
190722s9999 xx 000 0 und d
020
_a
978-93-325-1874-2
100
_a
Anrew S.T.Tanenbaum
245
0
_a
Computer Networks
260
_a
India
_b
Pearson India ED
_c
2016
300
_a
804
942
_c
BK
999
_c
797
_d
797